Environment and urbanization: towards resilience and transformation for cities (Record no. 42147)

MARC details
000 -LEADER
fixed length control field 00816nam a2200169 a 4500
008 - FIXED-LENGTH DATA ELEMENTS--GENERAL INFORMATION
fixed length control field 140728s2014 ||||||||||||||||| || u
050 ## - LIBRARY OF CONGRESS CALL NUMBER
Classification number IIED(05)EU/2014/26/1
110 ## - MAIN ENTRY--CORPORATE NAME
Corporate name or jurisdiction name as entry element International Institute for Environment and Development (IIED)
245 10 - TITLE STATEMENT
Title Environment and urbanization: towards resilience and transformation for cities
Statement of responsibility, etc. by International Institute for Environment and Development [IIED]
260 ## - PUBLICATION, DISTRIBUTION, ETC.
Place of publication, distribution, etc. London:
Name of publisher, distributor, etc. International Institute for Environment and Development (IIED)
Date of publication, distribution, etc. 2014
300 ## - PHYSICAL DESCRIPTION
Extent 327p.: ill.
490 ## - SERIES STATEMENT
Series statement Vol. 25, No. 2 - October 2013
650 ## - SUBJECT ADDED ENTRY--TOPICAL TERM
Topical term or geographic name entry element URBANIZATION
650 #0 - SUBJECT ADDED ENTRY--TOPICAL TERM
Topical term or geographic name entry element SUSTAINABLE DEVELOPMENT
650 ## - SUBJECT ADDED ENTRY--TOPICAL TERM
Topical term or geographic name entry element CITIES--TRANSFORMATION
995 ## - RECOMMENDATION 995 [LOCAL, UNIMARC FRANCE]
-- CBU-MAIN LIBRARY (Kitwe)
-- 1
-- AVAILABLE
-- Jul 28, 2014
-- International Publications
Holdings
Withdrawn status Lost status Source of classification or shelving scheme Damaged status Not for loan Home library Current library Shelving location Date acquired Total Checkouts Full call number Barcode Date last seen Price effective from Koha item type
          CBU-MAIN LIBRARY, KITWE. CBU-MAIN LIBRARY, KITWE.   11/30/2022   IIED(05)EU/2014/26/1 B1489 11/30/2022 11/30/2022 MONOGRAPH